| 000 | 00577nam a22002177a 4500 | ||
|---|---|---|---|
| 003 | OSt | ||
| 005 | 20140310182830.0 | ||
| 008 | 130601t xxu||||| |||| 00| 0 eng d | ||
| 020 | _a8174463518 | ||
| 050 |
_aHD 30.2 _b.R165 2003 |
||
| 082 |
_aM 363.612 _bR14 2003 |
||
| 245 |
_aKnowledge management: a resource book _cRaman, A Thothathri |
||
| 250 | _a1st ed. | ||
| 260 |
_aNew Delhi : _bExcel Books, _cc2003. |
||
| 300 |
_axvi, 304 p. _bill. ; _c240 cm. |
||
| 521 | _aCollege Students | ||
| 526 | _c1210L-1700L | ||
| 541 | _j1 | ||
| 562 | _e1 | ||
| 942 |
_2lcc _cBK _kM |
||
| 999 |
_c16608 _d16608 |
||